| 000 | 00485nam a2200181Ia 4500 | ||
|---|---|---|---|
| 008 | 180921t2005 xxu||||| |||| 00| 0 sin d | ||
| 041 | _asin | ||
| 080 |
_a612.663 _bVID |
||
| 100 | _aVidyaathilaka, B.J.A. | ||
| 245 | _aඔබටත් බබෙක් | ||
| 246 | _aWomen's hand book on subfertility | ||
| 260 |
_bgODAGE _acOLOMBO _c2005 |
||
| 300 | _a136P., ill., 22 cm | ||
| 650 | _aTesttube babies | ||
| 942 | _cBK | ||
| 999 |
_c16292 _d16292 |
||
| 003 | LK-CoDNM | ||
| 040 |
_aLK-CoDNM _dLK-CoDNM _eLK-CoDNM |
||